Analyzing the role of rhetorical questions in the lament Psalms with particular focus on Psalms 42, 44, 88 and 94 / (Record no. 25203)

MARC details
000 -LEADER
fixed length control field 00604nam a22001817a 4500
003 - CONTROL NUMBER IDENTIFIER
control field AUA.1
005 - DATE AND TIME OF LATEST TRANSACTION
control field 20251119131528.0
008 - FIXED-LENGTH DATA ELEMENTS--GENERAL INFORMATION
fixed length control field 250711b |||||||| |||| 00| 0 eng d
040 ## - CATALOGING SOURCE
Transcribing agency JTL
100 ## - MAIN ENTRY--PERSONAL NAME
Personal name Mpofu, Sindiso
245 ## - TITLE STATEMENT
Title Analyzing the role of rhetorical questions in the lament Psalms with particular focus on Psalms 42, 44, 88 and 94 /
Statement of responsibility, etc Sindiso Mpofu.
260 ## - PUBLICATION, DISTRIBUTION, ETC. (IMPRINT)
Date of publication, distribution, etc c2025.
300 ## - PHYSICAL DESCRIPTION
Extent viii,129 leaves :
Other physical details Illustrations :
Dimensions 30cm.
650 ## - SUBJECT ADDED ENTRY--TOPICAL TERM
Topical term or geographic name as entry element Question (Logic)
650 ## - SUBJECT ADDED ENTRY--TOPICAL TERM
Topical term or geographic name as entry element Laments in the Bible
9 (RLIN) 33150
650 ## - SUBJECT ADDED ENTRY--TOPICAL TERM
Topical term or geographic name as entry element Bible. Psalms
942 ## - ADDED ENTRY ELEMENTS (KOHA)
Source of classification or shelving scheme AUA Inhouse Classification
Koha item type Thesis
Classification part MABTS
Item part .M66 2025
Holdings
Withdrawn status Lost status Source of classification or shelving scheme Damaged status Not for loan Collection code Home library Current library Shelving location Date acquired Source of acquisition Cost, normal purchase price Serial Enumeration / chronology Total Checkouts Full call number Barcode Date last seen Cost, replacement price Price effective from Koha item type
    Library of Congress Classification     JTL Research Collection Judith Thomas Library Judith Thomas Library Judith Thomas Library Research Section 11/07/2025 Theological Seminary 25.00 AUA27970   MABTS .M66 2025 AUA27970 11/07/2025 25.00 11/07/2025 Thesis